Tim McGraw Songs - Statistics

General Stats
  • This quiz has been taken 37 times
  • The average score is 10 of 30
Answer Stats
Hint Answer % Correct
19 Live Like You Were Dying
83%
1 Don't Take The Girl
80%
27 Humble And Kind
70%
25 Highway Don't Care
63%
3 I Like It, I Love It
60%
5 It's Your Love
60%
10 Something Like That
53%
7 Just To See You Smile
50%
8 Where The Green Grass Grows
47%
26 Shotgun Rider
43%
11 My Best Friend
40%
12 My Next Thirty Years
40%
22 Southern Voice
33%
6 Everywhere
30%
9 Please Remember Me
30%
15 The Cowboy In Me
30%
17 Real Good Man
27%
21 Last Dollar (Fly Away)
23%
23 Felt Good On My Lips
17%
13 Grown Men Don't Cry
13%
2 Not A Moment Too Soon
13%
4 She Never Lets It Go To Her Heart
13%
20 Back When
10%
18 Watch The Wind Blow By
10%
14 Angry All The Time
7%
29 May We All
3%
16 Unbroken
3%
28 Bring On The Rain
0%
30 Forever Country
0%
24 One Of Those Nights
0%
No matching quizzes found
Score Distribution
Percent of People with Each Score
Percentile by Number Answered
Your Score History
You have not taken this quiz